El desorden de la democracia: partidos políticos de mujeres en Chile
Збережено в:
| Автор: | |
|---|---|
| Формат: | Книга |
| Мова: | Іспанська |
| Опубліковано: |
Santiago
Palinodia
2014
|
| Редагування: | 1a. ed |
| Предмети: | |
| Теги: |
Додати тег
Немає тегів, Будьте першим, хто поставить тег для цього запису!
|
MARC
| LEADER | 00000cam a2200000 a 4500 | ||
|---|---|---|---|
| 001 | UCD7221 | ||
| 003 | CL-VaPUC | ||
| 008 | 170317e20140000cl |||||||||||||||||spa|d | ||
| 020 | |a 9789568483418 | ||
| 082 | 0 | 4 | |a 323.340983 |b CAS |2 21 |
| 100 | 0 | |a Castillo, Alejandra |e author |9 591158 | |
| 245 | 1 | 3 | |a El desorden de la democracia: partidos políticos de mujeres en Chile |
| 250 | |a 1a. ed | ||
| 300 | |a 194 p | ||
| 942 | |c BK | ||
| 945 | |d 20170317 22:16:00 |a dcastane | ||
| 260 | |a Santiago |b Palinodia |c 2014 | ||
| 650 | 7 | |a MUJERES EN POLITICA |2 CL-VaPUC |9 538460 | |
| 650 | 0 | |a Feminismo |9 259085 | |
| 650 | 0 | |a Partidos políticos |9 254999 | |
| 583 | |a last modification |c 20170317 22:16:00 |k Rodrigo Vera | ||
| 999 | |c 367285 |d 367283 | ||
| 952 | |0 0 |1 0 |3 erb |4 0 |6 323_340983000000000_CAS_2014 |7 0 |8 A |9 482106 |a FDOPOS |b FDOPOS |i 5365260 |o 323.340983 CAS 2014 |p 5365260 |r 2025-01-22 |w 2019-11-24 |y BK |z Catalogado en:20170317 |k MEL | ||